Ashir Dasakar Dastabez / (Record no. 41775)
[ view plain ]
| 000 -LEADER | |
|---|---|
| fixed length control field | 00489nam a2200181Ia 4500 |
| 001 - CONTROL NUMBER | |
| control field | 41808 |
| 008 - FIXED-LENGTH DATA ELEMENTS--GENERAL INFORMATION | |
| fixed length control field | 230206s2001 ii g b000 u asm u |
| 020 ## - INTERNATIONAL STANDARD BOOK NUMBER | |
| International Standard Book Number | 81-7665-110-9 |
| 082 ## - DEWEY DECIMAL CLASSIFICATION NUMBER | |
| Classification number | 891.414 |
| 100 ## - MAIN ENTRY--PERSONAL NAME | |
| Personal name | Borgohain, Homen . |
| 245 #0 - TITLE STATEMENT | |
| Title | Ashir Dasakar Dastabez / |
| Statement of responsibility, etc. | Homen Borgohain. |
| Medium | Textual Documents |
| 250 ## - EDITION STATEMENT | |
| Edition statement | Ist ed / |
| 260 ## - PUBLICATION, DISTRIBUTION, ETC. | |
| Place of publication, distribution, etc. | Guwahati : |
| Name of publisher, distributor, etc. | Students Stores , |
| Date of publication, distribution, etc. | 2001. |
| 300 ## - PHYSICAL DESCRIPTION | |
| Extent | 151pg ; |
| Dimensions | 21cm. |
| 653 ## - INDEX TERM--UNCONTROLLED | |
| Uncontrolled term | Ashir Dasak-History |
| 653 ## - INDEX TERM--UNCONTROLLED | |
| Uncontrolled term | G-Assamese |
| 942 ## - ADDED ENTRY ELEMENTS (KOHA) | |
| Source of classification or shelving scheme | Dewey Decimal Classification |
| Koha item type | Books |
| Withdrawn status | Lost status | Damaged status | Not for loan | Collection | Home library | Current library | Shelving location | Date acquired | Coded location qualifier | Cost, normal purchase price | Total checkouts | Full call number | Barcode | Date last seen | Copy number | Price effective from | Koha item type | Date last checked out |
|---|---|---|---|---|---|---|---|---|---|---|---|---|---|---|---|---|---|---|
| Dr. Suryya Kumar Bhuyan Library | Dr. Suryya Kumar Bhuyan Library | 01/02/2012 | 00000 | 120.00 | 891.414 Ba 23 As | 73/cu/hbc | 14/01/2024 | 2 | 01/02/2012 | Books | ||||||||
| Dr. Suryya Kumar Bhuyan Library | Dr. Suryya Kumar Bhuyan Library | 01/02/2012 | 00000 | 120.00 | 1 | 891.414 Ba 23 As | 5497/As | 28/08/2025 | 1 | 01/02/2012 | Books | 08/04/2025 |
